Turkish Loanwords - Statistics

General Stats
  • This quiz has been taken 10 times
  • The average score is 6 of 18
Answer Stats
Definition Loanword % Correct
A cylindrical headdress with a black tassel attached to it; A city in Morocco F Fez
90%
A couch; A former empire that spanned much of the Middle East O Ottoman
90%
Food produced by the bacterial fertilization of milk Y Yogurt
90%
A dessert made of filo pastry and chopped nuts B Baklava
60%
A leader of a nomadic tribe of the Central Asian steppes K Khan
60%
relating to the countries of Southeast Europe B Balkan
40%
Stuffed dishes mainly including vegetables and leaves D Dolma
40%
An elite infantryman of the Ottoman Empire J Janissary
40%
A food made of leaves wrapped rolled around a filling S Sarma
40%
A portable round tent often used by the nomadic tribes of Central Asia Y Yurt
40%
A dynasty that ruled much of Persia and Central Asia S Seljuk
20%
The practice of interacting with the spirit world through altered states of conciousness S {Shaman}ism
20%
A horse or oxen-driven carriage A Araban
0%
A willd cat native to parts of Africa and the Middle East C Caracal
0%
A political and military structure founded on the steppes of Asia H/O Horde / orda
0%
An imperial rank equal to the status of an emperor K Khagan / khatun
0%
An administrative division of the Ottoman Empire S Sanjak
0%
Protruding rock caused by wind abrasion and deflation Y Yardang
0%
No matching quizzes found
Score Distribution
Percent of People with Each Score
Percentile by Number Answered
Your Score History
You have not taken this quiz